000 00695nam a2200241Ia 4500
003 OSt
005 20220928123729.0
006 a|||||r|||| 00| 0
007 ta
008 220927b |||||||| |||| 00| 0 eng d
024 _a88472
037 _cTextual
040 _aSDCL
_cSDCL
_beng
041 _2eng
_aeng
082 _aX:77.2'P, P8
100 _aSubramanian Arvind
_9428671
245 0 _aIndia's turn
_bUnderstanding the economic transformation
260 _aNew Delhi
_bOxford University Press
_c2008
300 _axlii,237p
_ccm.
650 _aEconomic Development India
_9415537
942 _hX:77.2'P, P8
_cTEXL
_2CC
999 _c774395
_d774395